| 000 | 01001cam a2200241 4500 | ||
|---|---|---|---|
| 001 | ABS64994 | ||
| 008 | 020204n2002 000 0 eng u | ||
| 035 | _a(Sirsi) u116596 | ||
| 100 | _aNicolle, C | ||
| 245 | _aShape up or ship out | ||
| 260 | _c2002 | ||
| 490 |
_aEstates Gazette _v(0201) 5 January 2002, 30-31(2) |
||
| 520 | _aExamines the choice that small to middle-sized quoted property firms are facing - to either go private or to find a new investment strategy. Many small firms have already gone private. Examines the reasons behind the pressure to change for these businesses. If businesses do go private, the UK property market will be dominated by a small number of large, financially robust participants. | ||
| 590 | _aABS | ||
| 650 | _aPROPERTY FIRMS | ||
| 650 | _aMEDIUM-SIZED BUSINESSES | ||
| 650 | _aSMALL BUSINESSES | ||
| 650 | _aBUSINESS STRATEGIES | ||
| 650 | _aPROPERTY SECTOR | ||
| 690 | _aMANAGEMENT-BUSINESS MANAGEMENT | ||
| 700 | _aLlewelyn, H | ||
| 942 | _n0 | ||
| 999 |
_c69428 _d69428 |
||